000 00233 a2200121 4500
020 _a076783003507
041 _aeng
100 _aL'Amour, Louis
245 _aHeller with a gun
942 _cBK
999 _c30003
_d30001
999 _d30001
999 _d30001